Taylor Swift - Miss Americana and the heartbreak prince (All Lyrics) - Statistiques

Statistiques générales
  • Ce quiz a été pris 103 fois
    99 depuis la dernière actualisation
  • Le résultat moyen est 331 sur 500
Statistiques - réponses
Réponse % Correct
A
100%
I
100%
The
100%
You
100%
American
97%
And
95%
In
95%
Me
95%
Heartbreak
94%
Miss
94%
Who
94%
Prince
92%
Americana
90%
It
90%
It’s
90%
That
90%
Whole
90%
Be
87%
I’m
84%
Like
84%
(Like
84%
No
84%
Play
84%
World
84%
My
83%
Win
83%
(Win)
83%
Know
81%
To
81%
Bad,
79%
Bad
79%
Girl »
79%
Girl
79%
That’s
79%
This
78%
This)
78%
Adore
76%
Games
76%
Nothing
76%
Stupid
76%
They
76%
Then
75%
There
75%
There,
75%
Whisper
75%
For
73%
« She’s
73%
Fake
71%
Is
71%
Coming
70%
Coming,
70%
School
68%
Prizes
67%
Time
67%
Was
67%
Long
65%
Lost
65%
We
65%
Dice
63%
At
62%
Been
62%
Crazier
62%
Film
62%
There’s
62%
Before
60%
Hallway
60%
Hallway,
60%
Rolling
60%
Scene
60%
So
60%
Where
60%
(Go)
59%
Run
59%
But
57%
Day
57%
See
57%
Town
56%
Prom
54%
Away
52%
Blue
52%
Blue)
52%
Dress
52%
Home
52%
Paint
52%
(Paint
52%
With
52%
Are
51%
(Okay)
51%
Glory
49%
We’re
49%
16
48%
Counted
48%
Days
48%
Feeling
48%
Miles
48%
Most
48%
Sad,
48%
Sad
48%
Likely
44%
Now
44%
Than
44%
Voted
43%
Gonna
41%
Hopeless
41%
Life
41%
Queens
41%
Waving
38%
Cameras
37%
Faded
37%
Wanna
37%
One
35%
Really
35%
Should
35%
Team
35%
Don’t
33%
(Fight)
33%
(Fight )
33%
Homecoming
33%
Lights
33%
Playing
33%
Scared
33%
Smile
32%
Up
32%
Want
32%
Catch
30%
Darling,
30%
Guys
30%
Losing
30%
Oh,
30%
Only
30%
‘Cause
29%
’Cause
29%
High
29%
Men?
29%
Nobody’s
29%
Ripped
29%
Will
29%
Care
27%
Marching
27%
Running
27%
Stories
27%
Between
25%
Boys
25%
Fives
25%
Seems
25%
Think
25%
Wise
25%
Ran
24%
Band
22%
Depressed
22%
Just
22%
Pageant
22%
Rose
22%
Bruising
21%
Helpless
21%
Saw
21%
Through
21%
Burning
19%
Never
19%
Storm
19%
Come
16%
Head
16%
Let
16%
Someday
16%
Battered
14%
Cries
14%
Scoreboard
14%
Thorns
14%
I’ll
13%
Muffled
13%
Leave
11%
Damsels
10%
Hung
6%
Thought
6%
The Hallway, « She’s A bad, bad girl » « She’s a bad, bad girl »
0%
Aucun quiz correspondant
Distribution des résultats
% des personnes avec chaque résultat
Percentile par nombre de réponses
Votre historique - résultats
Vous n’avez pas pris ce quiz depuis la dernière actualisation